书目信息 |
| 题名: |
中国企业行为的经济分析
|
|
| 作者: | 周扬明 著 | |
| 分册: | ||
| 出版信息: | 北京 经济管理出版社 2002 |
|
| 页数: | 227 | |
| 开本: | 18cm | |
| 丛书名: | ||
| 单 册: | ||
| 中图分类: | F275.5 | |
| 科图分类: | ||
| 主题词: | 企业经济 | |
| 电子资源: | ||
| ISBN: | 7-80162-558-7 | |
| 000 | 00551nam0 2200181 450 | |
| 001 | 0760515518 | |
| 005 | 20070817164835.51 | |
| 010 | @a7-80162-558-7@d¥25.00 | |
| 100 | @a20070817d km y0chiy0120 ea | |
| 101 | 0 | @achi |
| 200 | 1 | @a中国企业行为的经济分析@Azhong guo qi ye xing wei de jing ji fen xi@f周扬明等著@Fzhou yang ming deng zhu |
| 210 | @a北京@c经济管理出版社@d2002 | |
| 215 | @a227@d18cm | |
| 606 | 0 | @a企业经济 |
| 690 | @aF275.5@v3 | |
| 701 | 0 | @a周扬明@Azhou yang ming@4著 |
| 801 | 0 | @aCN@bPFT@c20070817 |
| 905 | @a213230@dF275.5@eg265@f1 | |
| 中国企业行为的经济分析/周扬明等著.-北京:经济管理出版社,2002 |
| 227;18cm |
| ISBN 7-80162-558-7:¥25.00 |
| ● |
| 相关链接 |
|
|
|
|
正题名:中国企业行为的经济分析
索取号:F275.5/g265
 
预约/预借
| 序号 | 登录号 | 条形码 | 馆藏地/架位号 | 状态 | 备注 |
| 1 | 6503305 | 265033055 | 密集书库-海洋学院/ [索取号:F275.5/g265] | 在馆 | |
| 2 | 6503306 | 265033064 | 密集书库-海洋学院/ [索取号:F275.5/g265] | 在馆 |